000 00621nam a2200277Ia 4500
005 20260324143050.0
008 008 260324s9999 xx 000 0 eng d
020 _a9780203129609
037 _aEBOOK
040 _aCRL
040 _beng
040 _cCRL
041 _2eng
041 _aeng
084 _qCRL
100 _aRachel Bowlby
_91214255
245 0 _aShopping with Freud
260 _bTaylor and Francis
260 _c1993
365 _a
365 _b110
856 _uhttp://www.taylorfrancis.com/books/9780203129609
942 _cEBOOK
999 _c1819221
_d1819221